[Event "94th Paris-ch  2019"]
[Site "Paris"]
[Date "2019.07.07"]
[Round "2.20"]
[White "Le Goff, Ronan"]
[Black "Lutard, Theo"]
[Result "1-0"]
[WhiteElo "2281"]
[BlackElo "2222"]
[Annotator "NA"]
[PlyCount "53"]
[EventDate "2019.07.07"]
[EventType "swiss"]
[EventCountry "FRA"]
[SourceTitle "playchess.com"]
[Source "ChessBase"]
[SourceQuality "1"]
[TimeControl "5400+30"]

1. d4 {[%emt 0:00:00]} d5 {[%emt 0:00:00]} 2. c4 {[%emt 0:00:00]} c6 {[%emt 0:00:06]} 3. Nf3 {[%emt 0:00:00]} Nf6 {[%emt 0:00:06]} 4. Qc2 {[%emt 0:00:06]} dxc4 {[%emt 0:00:35]} 5. e4 {[%emt 0:00:08]} b5 {[%emt 0:08:41]} 6. b3 {[%emt 0:01:13]} cxb3 {[%emt 0:01:03]} 7. axb3 {[%emt 0:00:24]} g6 {[%emt 0:07:55]} 8. Bd2 {[%emt 0:01:04]} a5 {[%emt 0:07:41]} 9. Bd3 {[%emt 0:03:17]} Bg7 {[%emt 0:01:19]} 10. O-O {[%emt 0:00:13]} O-O {[%emt 0:01:27]} 11. h3 {[%emt 0:00:30]} Bb7 {[%emt 0:10:52]} 12. Rc1 {[%emt 0:01:21]} b4 {[%emt 0:09:41]} 13. Be3 {[%emt 0:01:16]} Nfd7 {[%emt 0:08:39]} 14. Nbd2 {[%emt 0:01:41]} e5 {[%emt 0:07:06]} 15. Bg5 {[%emt 0:02:55]} f6 {[%emt 0:05:39]} 16. Be3 {[%emt 0:02:37]} Re8 {[%emt 0:06:57]} 17. dxe5 {[%emt 0:02:44]} Nxe5 {[%emt 0:01:14]} 18. Nxe5 {[%emt 0:00:13]} fxe5 {[%emt 0:03:43]} 19. Nc4 {[%emt 0:01:16]} Ba6 {[%emt 0:09:39]} 20. Rxa5 {[%emt 0:03:19]} Kh8 {[%emt 0:00:42]} 21. Bb6 {[%emt 0:00:33]} Qe7 {[%emt 0:01:53]} 22. Rca1 {[%emt 0:00:49]} Qd7 {[%emt 0:01:22]} 23. Bf1 {[%emt 0:02:02]} Bxc4 {[%emt 0:04:30]} 24. Rxa8 {[%emt 0:00:28]} Bxf1 {[%emt 0:00:16]} 25. Kxf1 {[%emt 0:00:14]} c5 {[%emt 0:00:48]} 26. Qxc5 {[%emt 0:01:20]} Nc6 {[%emt 0:00:22]} 27. Qd5 {[%emt 0:00:57]} 1-0

[Event "94th Paris-ch  2019"]
[Site "Paris"]
[Date "2019.07.07"]
[Round "2.21"]
[White "Macon, Arthur"]
[Black "Smith, Matthieu"]
[Result "1-0"]
[WhiteElo "2270"]
[BlackElo "2208"]
[Annotator "NA"]
[PlyCount "113"]
[EventDate "2019.07.07"]
[EventType "swiss"]
[EventCountry "FRA"]
[SourceTitle "playchess.com"]
[Source "ChessBase"]
[SourceQuality "1"]
[TimeControl "5400+30"]

1. Nf3 d5 2. g3 g6 3. Bg2 Bg7 4. d4 Nf6 5. O-O O-O 6. c4 c6 7. cxd5 cxd5 8. Ne5 Nc6 9. Nc3 Bf5 10. Bf4 Ne4 11. Nxc6 bxc6 12. Na4 Qa5 13. Rc1 Qb4 14. Be3 h5 15. b3 Rfc8 16. f3 Nd6 17. Bf2 Nb5 18. e3 e5 19. dxe5 Bxe5 20. Qe1 Qd6 21. Qd2 h4 22. f4 hxg3 23. hxg3 Bf6 24. Rfe1 Qe7 25. Nc5 Nd6 26. Qe2 Ne4 27. Nxe4 Bxe4 28. Bxe4 Qxe4 29. Qc2 Qf3 30. e4 d4 31. Qe2 Qxe2 32. Rxe2 c5 33. Rec2 d3 34. Rd2 Rd8 35. e5 Be7 36. Rc3 c4 37. Rxc4 Ba3 38. Bc5 Bb2 39. Bd6 Ba1 40. Rxd3 f6 41. e6 Re8 42. e7 f5 43. Ba3 Bf6 44. Rd7 Kf7 45. Rc6 Rac8 46. Rdc7 Rxc7 47. Rxc7 Bd4+ 48. Kf1 Bb6 49. Rc6 Rh8 50. Kg2 Rg8 51. Bc5 Bxc5 52. Rxc5 Kxe7 53. Rc7+ Kd6 54. Rxa7 Kd5 55. Kf3 Rc8 56. Rd7+ Kc5 57. g4 1-0

[Event "94th Paris-ch  2019"]
[Site "Paris"]
[Date "2019.07.08"]
[Round "3.1"]
[White "Philippe, Guillaume"]
[Black "Moussard, Jules"]
[Result "0-1"]
[WhiteElo "2344"]
[BlackElo "2576"]
[Annotator "ChessBase"]
[PlyCount "112"]
[EventDate "2019.07.07"]
[EventType "swiss"]
[EventCountry "FRA"]
[SourceTitle "playchess.com"]
[Source "ChessBase"]
[SourceQuality "1"]
[TimeControl "5400+30"]

1. e4 {[%emt 0:18:51]} c5 {[%emt 0:00:00]} 2. a3 {[%emt 0:00:28]} g6 {[%emt 0:01:24]} 3. Nc3 {[%emt 0:00:32]} Bg7 {[%emt 0:00:12]} 4. Bc4 {[%emt 0:00:17]} Nc6 {[%emt 0:02:10]} 5. d3 {[%emt 0:00:23]} e6 {[%emt 0:01:36]} 6. Ba2 {[%emt 0:00:32]} a6 {[%emt 0:04:45]} 7. f4 {[%emt 0:06:33]} Nge7 {[%emt 0:06:56]} 8. h4 {[%emt 0:02:36]} h5 {[%emt 0:01:24]} 9. Nf3 {[%emt 0:00:24]} d5 {[%emt 0:01:57]} 10. Bd2 {[%emt 0:02:36]} Nd4 {[%emt 0:10:14]} 11. Ng5 {[%emt 0:01:32]} b5 {[%emt 0:05:50]} 12. O-O {[%emt 0:01:09]} Bb7 {[%emt 0:03:23]} 13. Be1 {[%emt 0:05:06]} Qc7 {[%emt 0:05:48]} 14. Nb1 {[%emt 0:08:49]} Rd8 {[%emt 0:16:14]} 15. c3 {[%emt 0:01:09]} dxe4 {[%emt 0:07:31]} 16. dxe4 {[%emt 0:01:48]} c4 {[%emt 0:04:55]} 17. Nd2 {[%emt 0:02:49]} f6 {[%emt 0:01:20]} 18. Nh3 {[%emt 0:04:43]} Ndc6 {[%emt 0:00:54]} 19. Qe2 {[%emt 0:00:34]} Na5 {[%emt 0:00:54]} 20. Rd1 {[%emt 0:01:56]} O-O {[%emt 0:01:31]} 21. Bf2 {[%emt 0:01:46]} Qc6 {[%emt 0:01:37]} 22. Bb1 {[%emt 0:00:40]} e5 {[%emt 0:08:57]} 23. fxe5 {[%emt 0:05:09]} fxe5 {[%emt 0:00:01]} 24. Ng5 {[%emt 0:01:18]} Bc8 {[%emt 0:00:13]} 25. Ndf3 {[%emt 0:00:51]} Qc7 {[%emt 0:02:15]} 26. Qe3 {[%emt 0:02:18]} Rxd1 {[%emt 0:00:21]} 27. Rxd1 {[%emt 0:00:09]} Rd8 {[%emt 0:00:02]} 28. Rf1 {[%emt 0:02:08]} Nb3 {[%emt 0:02:22]} 29. Bc2 {[%emt 0:01:14]} Nc6 {[%emt 0:00:38]} 30. Qb6 {[%emt 0:08:13]} Qxb6 {[%emt 0:00:50]} 31. Bxb6 {[%emt 0:00:05]} Rd6 {[%emt 0:00:08]} 32. Rd1 {[%emt 0:01:32]} Rxd1+ {[%emt 0:00:50]} 33. Bxd1 {[%emt 0:00:11]} a5 {[%emt 0:01:14]} 34. a4 {[%emt 0:07:01]} bxa4 {[%emt 0:00:44]} 35. Be2 {[%emt 0:00:08]} Ba6 {[%emt 0:00:13]} 36. Ne6 {[%emt 0:00:25]} Nc1 {[%emt 0:00:35]} 37. Kf2 {[%emt 0:01:47]} Bf6 {[%emt 0:02:12]} 38. Nc7 {[%emt 0:02:04]} Nxe2 {[%emt 0:01:11]} 39. Kxe2 {[%emt 0:00:41]} Bc8 {[%emt 0:02:17]} 40. Nd5 {[%emt 0:01:34]} Kf7 {[%emt 0:03:44]} 41. Nxf6 {[%emt 0:00:13]} Kxf6 {[%emt 0:00:01]} 42. Ke3 {[%emt 0:00:27]} Ke6 {[%emt 0:00:44]} 43. Ng5+ {[%emt 0:01:41]} Kd6 {[%emt 0:00:08]} 44. Nf7+ {[%emt 0:01:23]} Ke7 {[%emt 0:00:01]} 45. Ng5 {[%emt 0:00:11]} Bg4 {[%emt 0:00:04]} 46. Kf2 {[%emt 0:00:34]} Kd7 {[%emt 0:00:58]} 47. Nf7 {[%emt 0:00:35]} Ke7 {[%emt 0:00:03]} 48. Ng5 {[%emt 0:00:06]} Ke8 {[%emt 0:00:15]} 49. Ke3 {[%emt 0:00:07]} Kd7 {[%emt 0:00:35]} 50. Nf7 {[%emt 0:00:20]} Ke7 {[%emt 0:00:01]} 51. Ng5 {[%emt 0:00:06]} Ke8 {[%emt 0:00:04]} 52. Kf2 {[%emt 0:00:06]} Nb4 {[%emt 0:00:46]} 53. Bxa5 {[%emt 0:05:14]} Nd3+ {[%emt 0:00:03]} 54. Ke3 {[%emt 0:00:09]} Nxb2 {[%emt 0:00:05]} 55. Bb4 {[%emt 0:00:12]} Nd3 {[%emt 0:00:25]} 56. Ba3 {[%emt 0:00:53]} Ne1 {[%emt 0:00:07] Kd4} 0-1

[Event "94th Paris-ch  2019"]
[Site "Paris"]
[Date "2019.07.08"]
[Round "3.2"]
[White "Abergel, Thal"]
[Black "Chalmeta Ugas, Ramon"]
[Result "1-0"]
[WhiteElo "2450"]
[BlackElo "2232"]
[Annotator "ChessBase"]
[PlyCount "141"]
[EventDate "2019.07.07"]
[EventType "swiss"]
[EventCountry "FRA"]
[SourceTitle "playchess.com"]
[Source "ChessBase"]
[SourceQuality "1"]
[TimeControl "5400+30"]

1. Nf3 {[%emt 0:00:00]} Nf6 {[%emt 0:00:00]} 2. c4 {[%emt 0:00:00]} c5 {[%emt 0:01:51]} 3. g3 {[%emt 0:00:03]} Nc6 {[%emt 0:01:10]} 4. Bg2 {[%emt 0:02:07]} g6 {[%emt 0:00:41]} 5. b3 {[%emt 0:00:42]} Bg7 {[%emt 0:00:26]} 6. Bb2 {[%emt 0:00:06]} O-O {[%emt 0:00:16]} 7. O-O {[%emt 0:01:02]} d6 {[%emt 0:02:03]} 8. d4 {[%emt 0:02:15]} cxd4 {[%emt 0:02:14]} 9. Nxd4 {[%emt 0:00:43]} Bd7 {[%emt 0:00:33]} 10. Nc2 {[%emt 0:00:14]} Rc8 {[%emt 0:04:30]} 11. Nc3 {[%emt 0:03:02]} Qa5 {[%emt 0:06:03]} 12. Ne3 {[%emt 0:09:24]} Qh5 {[%emt 0:07:20]} 13. Qd2 {[%emt 0:02:42]} Ng4 {[%emt 0:06:48]} 14. Nxg4 {[%emt 0:01:31]} Bxg4 {[%emt 0:00:31]} 15. Nd5 {[%emt 0:01:12]} Qh6 {[%emt 0:06:45]} 16. Qxh6 {[%emt 0:13:34]} Bxh6 {[%emt 0:00:12]} 17. f4 {[%emt 0:00:34]} Bg7 {[%emt 0:03:51]} 18. Bxg7 {[%emt 0:00:24]} Kxg7 {[%emt 0:00:02]} 19. e4 {[%emt 0:00:27]} Bd7 {[%emt 0:09:50]} 20. Rad1 {[%emt 0:04:35]} Rfd8 {[%emt 0:06:04]} 21. e5 {[%emt 0:04:59]} dxe5 {[%emt 0:04:48]} 22. fxe5 {[%emt 0:00:02]} Be6 {[%emt 0:01:16]} 23. Nf4 {[%emt 0:01:32]} Bg4 {[%emt 0:03:12]} 24. Rde1 {[%emt 0:06:05]} g5 {[%emt 0:03:17]} 25. Nd5 {[%emt 0:04:08]} Rd7 {[%emt 0:03:03]} 26. h4 {[%emt 0:08:03]} h6 {[%emt 0:01:00]} 27. Ne3 {[%emt 0:04:33]} Be6 {[%emt 0:02:30]} 28. hxg5 {[%emt 0:01:25]} hxg5 {[%emt 0:00:53]} 29. Nf5+ {[%emt 0:00:43]} Bxf5 {[%emt 0:02:14]} 30. Rxf5 {[%emt 0:00:46]} f6 {[%emt 0:00:12]} 31. exf6+ {[%emt 0:01:56]} exf6 {[%emt 0:00:08]} 32. Rd5 {[%emt 0:03:52]} Rcd8 {[%emt 0:03:41]} 33. Red1 {[%emt 0:00:16]} Rxd5 {[%emt 0:00:13]} 34. cxd5 {[%emt 0:00:12]} Ne7 {[%emt 0:04:05]} 35. Kf2 {[%emt 0:03:22]} f5 {[%emt 0:00:28]} 36. Ke3 {[%emt 0:03:53]} Kf6 {[%emt 0:00:28]} 37. Kd4 {[%emt 0:00:41]} Nc6+ {[%emt 0:00:16]} 38. Kc5 {[%emt 0:00:26]} Ne5 {[%emt 0:00:12]} 39. d6 {[%emt 0:00:14]} Rd7 {[%emt 0:02:16]} 40. a4 {[%emt 0:03:40]} Ke6 {[%emt 0:00:53]} 41. Bd5+ {[%emt 0:00:31]} Kf6 {[%emt 0:00:06]} 42. a5 {[%emt 0:00:43]} b6+ {[%emt 0:02:03]} 43. axb6 {[%emt 0:00:07]} axb6+ {[%emt 0:00:00]} 44. Kxb6 {[%emt 0:00:11]} Rxd6+ {[%emt 0:00:03]} 45. Kc5 {[%emt 0:00:46]} Rd8 {[%emt 0:00:14]} 46. b4 {[%emt 0:01:19]} f4 {[%emt 0:00:33]} 47. gxf4 {[%emt 0:00:06]} gxf4 {[%emt 0:00:01]} 48. b5 {[%emt 0:00:17]} Rc8+ {[%emt 0:03:29]} 49. Kd4 {[%emt 0:01:39]} Rb8 {[%emt 0:01:09]} 50. Rb1 {[%emt 0:00:46]} f3 {[%emt 0:01:26]} 51. b6 {[%emt 0:01:12]} f2 {[%emt 0:03:57]} 52. b7 {[%emt 0:02:56]} Nf7 {[%emt 0:00:48]} 53. Rf1 {[%emt 0:01:36]} Nd6 {[%emt 0:00:43]} 54. Rxf2+ {[%emt 0:00:04]} Ke7 {[%emt 0:01:48]} 55. Rh2 {[%emt 0:01:02]} Nxb7 {[%emt 0:00:40]} 56. Bxb7 {[%emt 0:00:04]} Kf6 {[%emt 0:00:25]} 57. Rf2+ {[%emt 0:00:10]} Kg5 {[%emt 0:00:21]} 58. Rf7 {[%emt 0:00:18]} Rd8+ {[%emt 0:00:19]} 59. Bd5 {[%emt 0:00:11]} Re8 {[%emt 0:00:21]} 60. Bc6 {[%emt 0:00:18]} Re6 {[%emt 0:01:00]} 61. Be4 {[%emt 0:00:22]} Re8 {[%emt 0:00:11]} 62. Rf5+ {[%emt 0:00:10]} Kg4 {[%emt 0:00:14]} 63. Ke3 {[%emt 0:00:03]} Re6 {[%emt 0:00:59]} 64. Ra5 {[%emt 0:00:15]} Rb6 {[%emt 0:00:15]} 65. Bf3+ {[%emt 0:00:13]} Kg3 {[%emt 0:00:39]} 66. Rg5+ {[%emt 0:00:10]} Kh4 {[%emt 0:00:20]} 67. Rg1 {[%emt 0:00:07]} Re6+ {[%emt 0:01:14]} 68. Kf2 {[%emt 0:00:20]} Re5 {[%emt 0:01:28]} 69. Rg4+ {[%emt 0:00:12]} Kh3 {[%emt 0:00:13]} 70. Rf4 {[%emt 0:00:32]} Ra5 {[%emt 0:01:09]} 71. Bg2+ {[%emt 0:00:06]} 1-0

[Event "94th Paris-ch  2019"]
[Site "Paris"]
[Date "2019.07.08"]
[Round "3.5"]
[White "Verstraeten, Rein"]
[Black "Shchekachev, Andrei"]
[Result "0-1"]
[WhiteElo "2376"]
[BlackElo "2531"]
[Annotator "RC"]
[PlyCount "106"]
[EventDate "2019.07.07"]
[EventType "swiss"]
[EventCountry "FRA"]
[SourceTitle "playchess.com"]
[Source "ChessBase"]
[SourceQuality "1"]
[TimeControl "5400+30"]

1. d4 {[%emt 0:00:00]} g6 {[%emt 0:10:59]} 2. c4 {[%emt 0:00:00]} Bg7 {[%emt 0:00:40]} 3. Nc3 {[%emt 0:00:28]} c5 {[%emt 0:02:49]} 4. d5 {[%emt 0:00:24]} d6 {[%emt 0:00:12]} 5. e4 {[%emt 0:00:17]} e6 {[%emt 0:03:02]} 6. Bd3 {[%emt 0:00:53]} Ne7 {[%emt 0:00:58]} 7. Nge2 {[%emt 0:05:25]} O-O {[%emt 0:07:11]} 8. O-O {[%emt 0:08:46]} exd5 {[%emt 0:04:23]} 9. exd5 {[%emt 0:01:25]} Nd7 {[%emt 0:00:39]} 10. Ng3 {[%emt 0:01:20]} Ne5 {[%emt 0:06:10]} 11. f4 {[%emt 0:18:22]} Nxd3 {[%emt 0:02:55]} 12. Qxd3 {[%emt 0:00:09]} Nf5 {[%emt 0:01:03]} 13. Nge4 {[%emt 0:01:37]} Nd4 {[%emt 0:05:07]} 14. b3 {[%emt 0:03:13]} b5 {[%emt 0:06:26]} 15. cxb5 {[%emt 0:02:28]} a6 {[%emt 0:02:18]} 16. b6 {[%emt 0:05:49]} Qxb6 {[%emt 0:02:16]} 17. Kh1 {[%emt 0:00:08]} a5 {[%emt 0:06:40]} 18. Qd2 {[%emt 0:03:51]} Bf5 {[%emt 0:04:45]} 19. Bb2 {[%emt 0:01:23]} a4 {[%emt 0:03:08]} 20. bxa4 {[%emt 0:13:22]} Rfb8 {[%emt 0:02:09]} 21. Rf2 {[%emt 0:07:56]} Bxe4 {[%emt 0:04:42]} 22. Nxe4 {[%emt 0:00:28]} Rxa4 {[%emt 0:00:03]} 23. Ng3 {[%emt 0:07:22]} Qa6 {[%emt 0:08:47]} 24. Bc3 {[%emt 0:05:40]} h5 {[%emt 0:03:45]} 25. Re1 {[%emt 0:01:12]} Qc4 {[%emt 0:03:39]} 26. f5 {[%emt 0:04:40]} Nxf5 {[%emt 0:01:47]} 27. Nxf5 {[%emt 0:00:53]} Qxc3 {[%emt 0:00:16]} 28. Ne7+ {[%emt 0:00:30]} Kh8 {[%emt 0:03:34]} 29. Qxc3 {[%emt 0:01:04]} Bxc3 {[%emt 0:00:02]} 30. Ref1 {[%emt 0:00:03]} Kg7 {[%emt 0:02:16]} 31. Rxf7+ {[%emt 0:01:41]} Kh6 {[%emt 0:00:01]} 32. h3 {[%emt 0:01:07]} Re8 {[%emt 0:00:58]} 33. R1f2 {[%emt 0:02:04]} Bd4 {[%emt 0:01:05]} 34. Re2 {[%emt 0:00:42]} Be5 {[%emt 0:01:03]} 35. Nc6 {[%emt 0:00:20]} c4 {[%emt 0:00:57]} 36. Nxe5 {[%emt 0:00:15]} Rxe5 {[%emt 0:00:06]} 37. Rxe5 {[%emt 0:00:05]} dxe5 {[%emt 0:00:40]} 38. d6 {[%emt 0:00:05]} Rxa2 {[%emt 0:00:14]} 39. Re7 {[%emt 0:01:08]} c3 {[%emt 0:00:34]} 40. Rc7 {[%emt 0:00:12]} Rd2 {[%emt 0:00:05]} 41. Rxc3 {[%emt 0:00:45]} Rxd6 {[%emt 0:00:03]} 42. h4 {[%emt 0:01:45]} Kg7 {[%emt 0:00:43]} 43. Kh2 {[%emt 0:01:10]} Kf6 {[%emt 0:00:14]} 44. Rf3+ {[%emt 0:00:52]} Ke6 {[%emt 0:00:06]} 45. Kg3 {[%emt 0:00:34]} Rd4 {[%emt 0:01:19]} 46. Rf8 {[%emt 0:00:33]} Kd5 {[%emt 0:00:52]} 47. Kf3 {[%emt 0:00:23]} Rxh4 {[%emt 0:00:14]} 48. Rd8+ {[%emt 0:00:03]} Ke6 {[%emt 0:00:10]} 49. Re8+ {[%emt 0:00:17]} Kf6 {[%emt 0:00:33]} 50. g3 {[%emt 0:00:25]} Ra4 {[%emt 0:00:15]} 51. Rf8+ {[%emt 0:00:09]} Kg5 {[%emt 0:00:12]} 52. Re8 {[%emt 0:00:05]} Ra3+ {[%emt 0:00:12]} 53. Kf2 {[%emt 0:00:17]} Kg4 {[%emt 0:00:29]} 0-1

[Event "94th Paris-ch  2019"]
[Site "Paris"]
[Date "2019.07.08"]
[Round "3.6"]
[White "Flom, Gabriel"]
[Black "Fitzsimons, David"]
[Result "1-0"]
[WhiteElo "2494"]
[BlackElo "2301"]
[Annotator "ChessBase"]
[PlyCount "103"]
[EventDate "2019.07.07"]
[EventType "swiss"]
[EventCountry "FRA"]
[SourceTitle "playchess.com"]
[Source "ChessBase"]
[SourceQuality "1"]
[TimeControl "5400+30"]

1. d4 {[%emt 0:00:00]} Nf6 {[%emt 0:00:00]} 2. c4 {[%emt 0:00:24]} e6 {[%emt 0:00:07]} 3. Nc3 {[%emt 0:00:04]} Bb4 {[%emt 0:00:08]} 4. e3 {[%emt 0:00:06]} O-O {[%emt 0:00:09]} 5. Bd3 {[%emt 0:01:21]} d5 {[%emt 0:00:16]} 6. Nf3 {[%emt 0:01:05]} b6 {[%emt 0:00:36]} 7. cxd5 {[%emt 0:00:58]} exd5 {[%emt 0:00:16]} 8. O-O {[%emt 0:00:04]} Ba6 {[%emt 0:00:46]} 9. Bxa6 {[%emt 0:04:26]} Nxa6 {[%emt 0:00:06]} 10. Qa4 {[%emt 0:00:02]} Qc8 {[%emt 0:00:20]} 11. Bd2 {[%emt 0:00:02]} Re8 {[%emt 0:04:13]} 12. Rac1 {[%emt 0:00:09]} Qb7 {[%emt 0:01:06]} 13. a3 {[%emt 0:01:25]} Bxc3 {[%emt 0:02:35]} 14. Bxc3 {[%emt 0:00:06]} Ne4 {[%emt 0:01:01]} 15. b4 {[%emt 0:06:27]} c5 {[%emt 0:04:39]} 16. bxc5 {[%emt 0:04:44]} bxc5 {[%emt 0:00:07]} 17. dxc5 {[%emt 0:08:01]} Naxc5 {[%emt 0:00:41]} 18. Qd4 {[%emt 0:00:07]} Ne6 {[%emt 0:05:03]} 19. Qe5 {[%emt 0:05:40]} Qb3 {[%emt 0:10:20]} 20. Nd4 {[%emt 0:07:49]} Nxd4 {[%emt 0:15:15]} 21. Qxd4 {[%emt 0:00:41]} Nf6 {[%emt 0:01:02]} 22. Qd1 {[%emt 0:04:10]} Qxd1 {[%emt 0:10:55]} 23. Rfxd1 {[%emt 0:00:10]} Rac8 {[%emt 0:06:48]} 24. Bxf6 {[%emt 0:02:30]} Rxc1 {[%emt 0:00:47]} 25. Rxc1 {[%emt 0:00:15]} gxf6 {[%emt 0:00:05]} 26. Kf1 {[%emt 0:06:26]} Re4 {[%emt 0:05:20]} 27. Rc3 {[%emt 0:09:21]} Ra4 {[%emt 0:00:57]} 28. Rd3 {[%emt 0:00:04]} Kg7 {[%emt 0:02:59]} 29. Ke2 {[%emt 0:00:04]} Kg6 {[%emt 0:00:41]} 30. Kd2 {[%emt 0:00:05]} f5 {[%emt 0:00:39]} 31. g3 {[%emt 0:01:45]} Kg5 {[%emt 0:02:14]} 32. f3 {[%emt 0:12:47]} Kf6 {[%emt 0:00:27]} 33. Kc2 {[%emt 0:00:12]} Ke6 {[%emt 0:00:42]} 34. Kb3 {[%emt 0:00:05]} Ra6 {[%emt 0:00:26]} 35. Rd4 {[%emt 0:01:07]} Ke5 {[%emt 0:01:09]} 36. Ra4 {[%emt 0:06:50]} Rb6+ {[%emt 0:00:06]} 37. Kc3 {[%emt 0:02:06]} a6 {[%emt 0:00:47]} 38. Rb4 {[%emt 0:00:39]} Rc6+ {[%emt 0:02:46]} 39. Kd3 {[%emt 0:00:33]} f6 {[%emt 0:03:14]} 40. Rb7 {[%emt 0:01:31]} h5 {[%emt 0:00:22]} 41. a4 {[%emt 0:01:51]} Kd6 {[%emt 0:04:37]} 42. h4 {[%emt 0:02:18]} Rc1 {[%emt 0:07:42]} 43. Rb6+ {[%emt 0:00:18]} Ke7 {[%emt 0:00:10]} 44. Rxa6 {[%emt 0:00:45]} Rg1 {[%emt 0:00:17]} 45. Ra7+ {[%emt 0:01:04]} Kf8 {[%emt 0:00:07]} 46. a5 {[%emt 0:00:18]} Rxg3 {[%emt 0:00:32]} 47. a6 {[%emt 0:00:08]} Rxf3 {[%emt 0:04:27]} 48. Rb7 {[%emt 0:00:04]} f4 {[%emt 0:00:31]} 49. a7 {[%emt 0:00:04]} Rxe3+ {[%emt 0:00:04]} 50. Kd2 {[%emt 0:00:04]} Ra3 {[%emt 0:00:05]} 51. Rb8+ {[%emt 0:00:06]} Kf7 {[%emt 0:00:11]} 52. a8=Q {[%emt 0:00:04]} 1-0

[Event "94th Paris-ch  2019"]
[Site "Paris"]
[Date "2019.07.08"]
[Round "3.7"]
[White "Moksh Amit Doshi"]
[Black "Sochacki, Christophe"]
[Result "1-0"]
[WhiteElo "2229"]
[BlackElo "2481"]
[Annotator "TA"]
[PlyCount "82"]
[EventDate "2019.07.07"]
[EventType "swiss"]
[EventCountry "FRA"]
[SourceTitle "playchess.com"]
[Source "ChessBase"]
[SourceQuality "1"]

{[%evp 14,82,8,-30,-15,-60,-64,-55,-42,-131,-37,-85,-75,-123,-147,-187,-97,-153,-108,-104,-108,-114,-77,-160,-159,-168,-164,-199,-184,-233,-240,-258,-259,-260,-208,-204,-215,-212,-209,-300,-311,-316,-282,-281,-304,-331,-335,-321,-320,-330,-330,-484,-454,-652,-639,-837,-835,-774,-758,-742,-727,-680,-461,-5190,-5164,-1987,-1669,-2349,-2372,-29995,-29996]} 1. d4 Nf6 2. c4 e6 3. g3 d5 4. Nf3 dxc4 5. Bg2 Bd7 6. Ne5 Bc6 7. Nxc6 Nxc6 {[%cal Bb8c6,Bc6b4,Bb4d3][%mdl 32]} 8. Qa4 Qd7 {E04: Open Catalan: 5 Nf3} 9. e3 $146 (9. Qxc4 Nxd4 10. O-O O-O-O 11. Nc3 e5 12. Bg5 Qe6 13. Qa4 Bc5 14. e3 Nc6 15. Rac1 Bb6 16. Bxf6 gxf6 {½-½ (69) Bindrich,F (2594)-Ponomariov,R (2710) Berlin 2015}) 9... Nb4 $1 {[%cal Rb4d3]} 10. Qxd7+ Nxd7 {Black is slightly better.} 11. Na3 (11. Kd2 $15) 11... Rb8 (11... Nd3+ $17 12. Ke2 Bxa3 13. bxa3 O-O-O) 12. Ke2 b5 13. Bd2 {[#]} Nd3 $1 14. Bc6 a6 ({Better is} 14... Rb6 $19 15. Bxb5 Bxa3 16. Bxd7+ Kxd7 17. bxa3 Rb2) 15. Rab1 (15. Rhb1 $142) 15... Rb6 16. Bxd7+ Kxd7 17. Nc2 e5 18. b3 {[#]} (18. dxe5 $142 Nxe5 19. Rhd1) 18... e4 $1 $17 19. Rhf1 Be7 20. f3 f5 21. d5 Rh6 22. h4 Rg6 23. Rg1 Rd6 24. bxc4 bxc4 25. fxe4 fxe4 26. Rgf1 (26. Bc3 $142) 26... Bf6 $19 ({Don't play} 26... Rxd5 27. Bc3 $17) 27. g4 h6 (27... Bxh4 $2 28. Rf7+ Kc8 29. Ba5 $19) 28. Rf5 Re8 ({Not} 28... Bxh4 29. Na3 $17) 29. g5 hxg5 30. hxg5 Be7 {And now ...Rh8 would win.} 31. Na3 g6 32. Rf7 (32. Rff1 {was the only chance.}) 32... Rxd5 33. Nxc4 (33. Rh7 $142 Rxg5 34. Nxc4) 33... Rh8 34. Rb7 {White wants to play Nb6+.} Rc5 35. Nb2 Rh2+ 36. Kd1 Rh1+ 37. Ke2 Ke6 38. Rg7 (38. Rxe7+ $142 Kxe7 39. Nxd3 exd3+ 40. Kxd3 Rd5+ 41. Kc3) 38... Rh2+ 39. Kd1 Nf2+ 40. Ke1 Rxg5 {( -> ...Rg1+)} 41. Kf1 Nh3 {[%mdl 32768] Accuracy: White = 21%, Black = 73%. . Loss on time!?} 1-0

[Event "94th Paris-ch  2019"]
[Site "Paris"]
[Date "2019.07.08"]
[Round "3.8"]
[White "Bharath Subramaniyam H"]
[Black "Macon, Arthur"]
[Result "1-0"]
[WhiteElo "2405"]
[BlackElo "2270"]
[Annotator "TA"]
[PlyCount "113"]
[EventDate "2019.07.07"]
[EventType "swiss"]
[EventCountry "FRA"]
[SourceTitle "playchess.com"]
[Source "ChessBase"]
[SourceQuality "1"]

{[%evp 19,113,-14,-13,-12,-1,-12,0,2,-2,-9,0,0,16,23,24,19,35,35,29,15,43,31,35,27,54,24,62,57,71,57,72,72,83,67,72,58,62,53,48,39,101,88,91,96,109,77,110,102,123,123,116,106,138,115,107,114,170,111,110,99,121,79,108,78,258,231,283,268,327,310,311,324,396,387,464,458,539,535,687,668,688,664,639,613,626,616,614,766,753,728,4678,2968,29978,29973,9787,8697]} 1. e4 c6 2. d4 d5 3. Nc3 dxe4 4. Nxe4 Bf5 5. Ng3 Bg6 6. h4 h6 7. N1e2 e6 8. Nf4 Bh7 9. Bc4 Nf6 10. c3 Bd6 11. Ngh5 {B18: Classical Caro-Kann: 4...Bf5 sidelines} O-O 12. g4 Nxh5 $146 (12... e5 13. g5 exf4 14. gxf6 g6 15. Qf3 Kh8 16. Bxf4 gxh5 17. Bxh6 Re8+ 18. Kd2 Bg6 19. Rhg1 Kh7 20. Bxf7 Bxf7 21. Qf5+ Kh8 22. Rg7 {1-0 (22) Kuzubov,Y (2667)-Ezat,M (2479) Dubai 2015}) 13. Nxh5 {The position is equal.} Be4 14. f3 Bg6 15. Nf4 Bxf4 16. Bxf4 Nd7 {[%cal Bb8d7,Bd7b6,Bb6d5][%mdl 32]} 17. Qd2 Nb6 18. Bb3 Nd5 19. Be5 Qe7 20. h5 Bh7 $1 21. O-O Rad8 22. Rad1 Qg5 {next ...Ne3 is good for Black.} 23. Rfe1 Qxd2 24. Rxd2 Rd7 25. c4 Ne7 26. c5 Nd5 27. a3 Rfd8 28. Rf2 Nc7 29. Bc4 (29. Rd1 {is more complex.} Nd5 30. Rc1 Ne7 31. Rg2 Kh8 32. Re1) 29... Nb5 ({Better is} 29... b5 $14 30. cxb6 axb6) 30. Bxb5 $1 $16 cxb5 31. Bd6 Rc8 32. f4 Rdd8 33. Re3 a6 34. Rfe2 Bb1 35. b3 b6 36. Kf2 bxc5 37. dxc5 Ra8 (37... a5 $16 38. Rb2 Bh7) 38. Re5 ({White should try} 38. Rd2 $18) 38... Rac8 39. Kg3 Bd3 40. R2e3 Bh7 41. f5 Re8 $2 {[#]} (41... exf5 $16 {is a better defense.} 42. gxf5 f6) 42. fxe6 $18 f6 43. Rd5 Kh8 44. e7 Bg8 45. Rd4 Bf7 46. a4 bxa4 47. Rxa4 Rc6 48. Rb4 Kg8 49. Rb6 Bd5 50. Rd3 Be4 {...Rxb6 would now be nice for Black.} 51. Rd4 Bh1 52. Ra4 Rxb6 53. cxb6 Kf7 54. Rxa6 Ra8 55. Ra7 Rxa7 56. bxa7 Bb7 57. Kf4 {Accuracy: White = 67%, Black = 34%.} 1-0